[Event "Mittelfranken-chT 0405"]
[Site "Germany"]
[Date "2004.12.19"]
[Round "4.4"]
[White "Lunz, Dieter"]
[Black "Plan, Johann"]
[Result "1-0"]
[WhiteElo "1910"]
[BlackElo "1947"]
[PlyCount "83"]
[EventDate "2004.10.17"]
[EventType "team"]
[EventRounds "9"]
[EventCountry "GER"]
[SourceTitle "EXT 2007"]
[Source "ChessBase"]
[SourceDate "2006.11.23"]
[SourceVersion "1"]
[SourceVersionDate "2006.11.23"]
[SourceQuality "1"]

1. e4 c5 2. c3 Nf6 3. e5 Nd5 4. d4 e6 5. Nf3 Nc6 6. c4 Nb6 7. d5 Nd4 8. Nxd4 cxd4 9. d6 f6 10. Bd3 g6 11. Qg4 Kf7 12. a4 a5 13. f4 Ra6 14. c5 Nd5 15. Bxa6 bxa6 16. 0-0 Bb7 17. Qd1 Nb4 18. Na3 d3 19. Bd2 Qc8 20. Qc1 Qc6 21. Rf2 Bg7 22. Qc4 Qxa4 23. b3 Qc6 24. Bxb4 axb4 25. Qxb4 Rc8 26. Nc4 Qe4 27. exf6 Kxf6 28. Re1 d2 29. Qxd2 Qd5 30. Qxd5 Bxd5 31. Nb6 Rd8 32. Nxd5+ exd5 33. g4 Kf7 34. Kg2 Bf6 35. Ra2 Rb8 36. g5 Bd8 37. Rxa6 Rb4 38. Ra7 Bxg5 39. Rxd7+ Kf6 40. fxg5+ Kxg5 41. c6 Rxb3 42. c7 1-0

[Event "Mittelfranken-chT 0405"]
[Site "Germany"]
[Date "2004.11.07"]
[Round "2.4"]
[White "Ittner, Hans"]
[Black "Plan, Johann"]
[Result "1/2-1/2"]
[WhiteElo "1928"]
[BlackElo "1947"]
[PlyCount "45"]
[EventDate "2004.10.17"]
[EventType "team"]
[EventRounds "9"]
[EventCountry "GER"]
[SourceTitle "EXT 2007"]
[Source "ChessBase"]
[SourceDate "2006.11.23"]
[SourceVersion "1"]
[SourceVersionDate "2006.11.23"]
[SourceQuality "1"]

1. d4 Nf6 2. c4 g6 3. Nc3 Bg7 4. e4 d6 5. Nf3 0-0 6. h3 e5 7. Be3 Nbd7 8. Be2 c6 9. 0-0 Qc7 10. Rc1 Ne8 11. c5 exd4 12. cxd6 Qxd6 13. Nxd4 Nb6 14. f4 Be6 15. b3 Rd8 16. Nxe6 fxe6 17. Qxd6 Nxd6 18. Bc5 Bxc3 19. Bxb6 axb6 20. Rxc3 Nxe4 21. Re3 Nd2 22. Rf2 Rd6 23. Bd3 1/2-1/2